[Event "Pescara op 10th"]
[Site "Pescara"]
[Date "2007.11.17"]
[Round "3"]
[White "Di Martino, Antonio"]
[Black "Di Federico, Cristiano"]
[Result "1-0"]
[WhiteElo "1899"]
[BlackElo "1511"]
[PlyCount "53"]
[EventDate "2007.11.16"]
[EventType "swiss"]
[EventRounds "5"]
[EventCountry "ITA"]
[SourceTitle "EXT 2010"]
[Source "ChessBase"]
[SourceDate "2010.11.25"]
[SourceVersion "1"]
[SourceVersionDate "2010.11.25"]
[SourceQuality "1"]

1. d4 d5 2. c4 Nf6 3. Nf3 Bf5 4. Bg5 e6 5. cxd5 exd5 6. Nc3 Be7 7. Qb3 Be4 8. e3 Nbd7 9. Be2 Qc8 10. 0-0 c6 11. Rac1 0-0 12. h3 Re8 13. Bf4 a6 14. Ne5 Nf8 15. Ng4 Qe6 16. Nxf6+ Bxf6 17. Nxe4 dxe4 18. Qxb7 Ng6 19. Rxc6 Qxa2 20. Bc4 Qa5 21. Bxf7+ Kh8 22. b3 Qb5 23. Qxb5 axb5 24. Bxe8 Nxf4 25. exf4 Rxe8 26. Re1 h6 27. d5 1-0

[Event "Pescara Weekend op 2nd"]
[Site "Pescara"]
[Date "2007.09.16"]
[Round "6"]
[White "Di Pietro, Gabriele"]
[Black "Di Federico, Cristiano"]
[Result "1-0"]
[WhiteElo "1749"]
[BlackElo "1511"]
[PlyCount "83"]
[EventDate "2007.09.07"]
[EventType "swiss"]
[EventRounds "6"]
[EventCountry "ITA"]
[SourceTitle "EXT 2010"]
[Source "ChessBase"]
[SourceDate "2010.11.25"]
[SourceVersion "1"]
[SourceVersionDate "2010.11.25"]
[SourceQuality "1"]

1. e4 c5 2. c3 d5 3. e5 Bf5 4. Nf3 e6 5. Qa4+ Nc6 6. Bb5 Qc7 7. 0-0 a6 8. Be2 Be4 9. d4 Bxf3 10. Bxf3 b5 11. Qc2 Rc8 12. Be3 Nge7 13. Nd2 cxd4 14. cxd4 Qb6 15. Qd3 Nf5 16. Rac1 Nxe3 17. fxe3 Be7 18. Bh5 g6 19. Bg4 0-0 20. Qe2 Bg5 21. Nb3 Be7 22. Rc2 a5 23. Rfc1 a4 24. Nc5 Bxc5 25. Rxc5 Na7 26. Qd2 Rxc5 27. Rxc5 Rc8 28. Qb4 Rxc5 29. dxc5 Qc6 30. Be2 Kf8 31. Bd3 Kg7 32. e4 Kf8 33. Kf2 Kg7 34. Qd4 Kf8 35. Qe3 Kg7 36. Kf3 Qc7 37. exd5 exd5 38. Kf2 Nc6 39. e6 Ne5 40. Qd4 fxe6 41. Bxb5 Kf8 42. Bxa4 1-0

[Event "Pescara Weekend op 2nd"]
[Site "Pescara"]
[Date "2007.09.08"]
[Round "2"]
[White "Di Federico, Cristiano"]
[Black "Di Censo, Angelo"]
[Result "0-1"]
[WhiteElo "1511"]
[BlackElo "1748"]
[PlyCount "68"]
[EventDate "2007.09.07"]
[EventType "swiss"]
[EventRounds "6"]
[EventCountry "ITA"]
[SourceTitle "EXT 2010"]
[Source "ChessBase"]
[SourceDate "2010.11.25"]
[SourceVersion "1"]
[SourceVersionDate "2010.11.25"]
[SourceQuality "1"]

1. e4 c5 2. Nf3 d6 3. d4 cxd4 4. Nxd4 Nf6 5. Nc3 a6 6. Bd3 b5 7. 0-0 e6 8. Qf3 Bb7 9. Re1 Nbd7 10. Bg5 Be7 11. a3 Ne5 12. Qd1 h6 13. Bf4 Nxd3 14. cxd3 e5 15. Nf5 exf4 16. e5 0-0 17. exf6 Bxf6 18. Qg4 f3 19. gxf3 Bc8 20. Nxh6+ Kh7 21. Qe4+ Kxh6 22. Qxa8 Bxc3 23. bxc3 Qg5+ 24. Kh1 Bh3 25. f4 Qh5 26. Qc6 Rc8 27. Qxd6+ Kh7 28. Re3 Re8 29. Qd4 Bg4 30. Rg3 Re6 31. Kg2 Rh6 32. Rh1 Bh3+ 33. Rxh3 Qxh3+ 34. Kg1 Rg6# 0-1